[Event "Super Elite I"]
[Site "SchemingMind.com"]
[Date "2023.10.23"]
[Round "-"]
[White "Juan Jose Rivas Maceda"]
[Black "CapaChess"]
[Result "1/2-1/2"]
[WhiteCountry "PER"]
[BlackCountry "CUB"]
[WhiteElo "2513"]
[WhiteRD "58"]
[BlackElo "2519"]
[BlackRD "56"]
[GameID "738435"]

1. d4 Nf6 2. c4 e6 3. Nf3 d5 4. Nc3 c6 5. Bg5 h6 6. Bh4 dxc4 7. e4 g5 8. Bg3 b5 9. Ne5 Nbd7 10. Be2 Bg7
11. O-O Nxe5 12. Bxe5 O-O 13. f4 a6 14. b3 cxb3 15. fxg5 hxg5 16. Qxb3 Nh7 17. Bxg7 Kxg7 18. Rad1 e5 19. d5 c5 20. d6 Be6
21. Nd5 Qxd6 22. Qg3 c4 23. Nf6 Qc5+ 24. Kh1 Rad8 25. Rxd8 Rxd8 26. Nxh7 Kxh7 27. Qxg5 Qf8 28. Qh4+ Kg8 29. Qg5+=
1/2-1/2

[Event "Super Elite I"]
[Site "SchemingMind.com"]
[Date "2023.10.23"]
[Round "-"]
[White "CapaChess"]
[Black "Juan Jose Rivas Maceda"]
[Result "1/2-1/2"]
[WhiteCountry "CUB"]
[BlackCountry "PER"]
[WhiteElo "2519"]
[WhiteRD "56"]
[BlackElo "2513"]
[BlackRD "58"]
[GameID "738436"]

1. e4 c5 2. Nf3 d6 3. d4 cxd4 4. Nxd4 Nf6 5. Nc3 a6 6. Be3 e5 7. Nb3 Be6 8. h3 Be7 9. f4 exf4 10. Bxf4 Nc6
11. Qe2 Nd7 12. O-O-O Nce5 13. Qe3 O-O 14. Nd4 Bf6 15. Be2 Nb6 16. h4 Nbc4 17. Qg3 Rc8 18. Bg5 Re8 19. Bxc4 Nxc4 20. Bxf6 Qxf6
21. b3 Ne5 22. Nxe6 Rxe6 23. Nd5 Qg6 24. Qxg6 Nxg6 25. Rd4 Ne7=
1/2-1/2

[Event "Super Elite I"]
[Site "SchemingMind.com"]
[Date "2023.10.23"]
[Round "-"]
[White "The Chess Machine"]
[Black "CapaChess"]
[Result "1/2-1/2"]
[WhiteCountry "ENG"]
[BlackCountry "CUB"]
[WhiteElo "2493"]
[WhiteRD "66"]
[BlackElo "2519"]
[BlackRD "56"]
[GameID "738448"]

1. d4 Nf6 2. c4 e6 3. Nc3 Bb4 4. e3 O-O 5. Bd3 d5 6. cxd5 exd5 7. Ne2 Re8 8. Bd2 Bd6 9. O-O b6 10. Rc1 c5
11. dxc5 bxc5 12. Nb5 Bf8 13. Bc3 Nbd7 14. Qd2 a6 15. Ba5 Nb6 16. Nbc3 Qd6 17. Nf4 Bb7 18. Rfd1 Rac8 19. Qe2 Nbd7 20. Bc4 d4
21. Bxf7+ Kxf7 22. Qc4+ Re6 23. Qxe6+ Qxe6 24. Nxe6 Kxe6 25. exd4 c4 26. Nb1 Nd5 27. Nd2 Nf4 28. Re1+ Kf7 29. Rxc4 Rxc4 30. Nxc4 Nxg2
31. Rc1 Ke6 32. Ne3 Nf4 33. Rc7 Be4 34. d5+ Nxd5 35. Rc6+ Kf7 36. Rxa6 Nf4 37. Ra7 Ke6 38. Bc7 Ne2+ 39. Kf1 Nd4 40. Ra5 Nc6
41. Ra8 Be7 42. b3 h5 43. Nc4=
1/2-1/2

[Event "Super Elite I"]
[Site "SchemingMind.com"]
[Date "2023.10.23"]
[Round "-"]
[White "CapaChess"]
[Black "The Chess Machine"]
[Result "1/2-1/2"]
[WhiteCountry "CUB"]
[BlackCountry "ENG"]
[WhiteElo "2519"]
[WhiteRD "56"]
[BlackElo "2493"]
[BlackRD "66"]
[GameID "738449"]

1. e4 c5 2. Nf3 d6 3. d4 cxd4 4. Nxd4 Nf6 5. Nc3 a6 6. h3 e6 7. g4 d5 8. Nde2 Bc5 9. exd5 Qb6 10. Be3 Bxe3
11. fxe3 Qxb2 12. dxe6 Bxe6 13. Qb1 Qxb1+ 14. Rxb1 Nbd7 15. Rxb7 h5 16. g5 Nd5 17. e4 Nxc3 18. Nxc3 O-O 19. Rc7 Rac8 20. Rxc8 Rxc8
21. Kd2 Bc4 22. Bd3 Ne5 23. Nd5 Rc5 24. Ke3 Ra5 25. h4 Bxd3 26. cxd3 Rxa2 27. Nf4 g6 28. Rf1 Ng4+ 29. Kd4 Rf2 30. Rxf2 Nxf2
31. Kc5 Kf8 32. e5 Ke7 33. d4 Kd7 34. Kb6 Ng4 35. Kxa6 Ne3 36. e6+ fxe6 37. Nxg6 Nf5 38. Kb5 Nxd4+=
1/2-1/2

[Event "Super Elite I"]
[Site "SchemingMind.com"]
[Date "2023.11.18"]
[Round "-"]
[White "Juan Jose Rivas Maceda"]
[Black "Keithk"]
[Result "1/2-1/2"]
[WhiteCountry "PER"]
[BlackCountry "ENG"]
[WhiteElo "2534"]
[WhiteRD "58"]
[BlackElo "2538"]
[BlackRD "64"]
[GameID "739243"]

1. d4 Nf6 2. Nf3 d5 3. c4 e6 4. Nc3 c6 5. e3 Nbd7 6. Be2 Bd6 7. Qc2 O-O 8. O-O Re8 9. b3 b6 10. Bb2 Bb7
11. Rac1 Qe7 12. Rfd1 Rac8 13. Bf1 h6 14. g3 Bb4 15. Bg2 c5 16. cxd5 Bxc3 17. Qxc3 cxd4 18. Qxd4 Bxd5 19. Rxc8 Rxc8 20. Rd2 Qe8
21. Ne5 Nxe5 22. Qxe5 Bxg2 23. Kxg2 Rd8 24. Rxd8 Qxd8 25. Qd4 Qa8+ 26. f3 Qc8 27. Qd2 Nd5 28. e4 Nb4 29. Be5 Nc6 30. Qc3 f6
31. Bxf6 gxf6 32. Qxf6 h5 33. Qg6+=
1/2-1/2

[Event "Super Elite I"]
[Site "SchemingMind.com"]
[Date "2023.11.18"]
[Round "-"]
[White "The Chess Machine"]
[Black "Keithk"]
[Result "1/2-1/2"]
[WhiteCountry "ENG"]
[BlackCountry "ENG"]
[WhiteElo "2513"]
[WhiteRD "63"]
[BlackElo "2553"]
[BlackRD "75"]
[GameID "739244"]

1. d4 Nf6 2. c4 c6 3. Nf3 d5 4. e3 Bf5 5. Nc3 e6 6. Nh4 Be4 7. f3 Bg6 8. Bd2 Be7 9. Nxg6 hxg6 10. Qc2 Nbd7
11. O-O-O a6 12. c5 b6 13. cxb6 Qxb6 14. Na4 Qb7 15. Kb1 O-O 16. Rc1 Rfc8 17. Be2 a5 18. Qb3 Qa7 19. Rc2 Rab8 20. Qd3 Nb6
21. Qa6 Qxa6 22. Bxa6 Nxa4 23. Bxc8 Rxc8 24. Bxa5 Rb8 25. Ka1 c5 26. b3 cxd4 27. exd4 Nb6 28. Bxb6 Rxb6 29. Rhc1 Kh7 30. Rc7 Ng8
31. Kb2 Bf6 32. R1c6 Rb4 33. Rxf7= Rxd4 34. Kc2 Bg5 35. Rc8 Rd2+ 36. Kb1 Rd1+ 37. Kb2 Rd2+ 38. Kb1 Rd1+ 39. Kb2 Bf6+ 40. Kc2 Ra1
41. Rff8 Rxa2+ 42. Kd3 Rxg2 43. Rxg8 g5 44. Rge8 Rb2 45. Rb8 e5 46. Rb5 d4 47. Rexe5 Bxe5 48. Rxe5 Rxb3+ 49. Kxd4 Rxf3 50. Rxg5 g6=
1/2-1/2

[Event "Super Elite I"]
[Site "SchemingMind.com"]
[Date "2023.11.18"]
[Round "-"]
[White "Keithk"]
[Black "Juan Jose Rivas Maceda"]
[Result "1/2-1/2"]
[WhiteCountry "ENG"]
[BlackCountry "PER"]
[WhiteElo "2538"]
[WhiteRD "64"]
[BlackElo "2534"]
[BlackRD "58"]
[GameID "739245"]

1. d4 Nf6 2. Nf3 d5 3. Bf4 e6 4. e3 Bd6 5. Bxd6 Qxd6 6. c4 O-O 7. Nc3 dxc4 8. Bxc4 c5 9. O-O Nc6 10. dxc5 Qxc5
11. Be2 Rd8 12. Qa4 Bd7 13. Rac1 Rac8 14. Rfd1 Qb6 15. Qa3 Be8 16. Nb5 Ne4 17. Bd3 a6 18. Bxe4 Rxd1+ 19. Rxd1 Qxb5 20. h4 h6
21. Rc1 Ne7 22. Rxc8 Nxc8 23. Nd4 Qb6 24. Qc3 Nd6 25. Bd3 Kf8 26. a3 Ke7 27. f4 a5 28. Kf2 f6 29. g4 Nf7 30. Bg6 a4
31. Be4 Bd7 32. Nf3 Nd6 33. Bd3 Bb5 34. Qb4 Qa6 35. Bxb5 Qxb5 36. Qxb5 Nxb5 37. Ke2 Kd6=
1/2-1/2

[Event "Super Elite I"]
[Site "SchemingMind.com"]
[Date "2023.11.18"]
[Round "-"]
[White "Keithk"]
[Black "The Chess Machine"]
[Result "1/2-1/2"]
[WhiteCountry "ENG"]
[BlackCountry "ENG"]
[WhiteElo "2553"]
[WhiteRD "75"]
[BlackElo "2513"]
[BlackRD "63"]
[GameID "739246"]

1. d4 d5 2. Nf3 Nf6 3. Bf4 e6 4. e3 Bd6 5. Bxd6 Qxd6 6. c4 O-O 7. Nc3 dxc4 8. Bxc4 c5 9. dxc5 Qxc5 10. Be2 Nc6
11. O-O Rd8 12. Qb3 b6 13. a3 Bb7 14. Rfd1 Ne5 15. Nd4 Nc6 16. Nxc6 Bxc6 17. Rac1 Qe7 18. f3 h6 19. Qb4 Qb7 20. Kf2 Rac8
21. Rxd8+ Rxd8 22. Qc4 Ne8 23. Nd1 Rc8 24. Qb4 Qb8 25. g3 Nd6 26. Rc3 Nb7 27. Qf4 Qxf4 28. gxf4 Bd7 29. Bb5 Rd8 30. Be2 Rc8=
31. Rxc8+ Bxc8 32. e4 Kf8 33. e5 Bd7 34. Ke3 Ke7 35. Nc3 Nd8 36. Bd3 Nc6 37. Bb5 f5 38. Bc4 Kf7 39. Ne2 Na5 40. Ba2 Nc6
41. b4 Ke7 42. b5 Nd8 43. Nd4 Nb7 44. Kd2 Nc5 45. Bc4 Be8 46. h4 Bd7 47. Kc3 Nb7= 48. Kb4 Na5 49. Ba2 Bc8 50. Kc3 Bd7
51. Kc2 Bc8 52. Kd3 Bd7 53. Kc3=
1/2-1/2

[Event "Super Elite I"]
[Site "SchemingMind.com"]
[Date "2023.11.18"]
[Round "-"]
[White "Keithk"]
[Black "CapaChess"]
[Result "1/2-1/2"]
[WhiteCountry "ENG"]
[BlackCountry "CUB"]
[WhiteElo "2548"]
[WhiteRD "75"]
[BlackElo "2528"]
[BlackRD "59"]
[GameID "739247"]

1. d4 Nf6 2. Nf3 e6 3. Bf4 c5 4. e3 d5 5. c3 Bd6 6. Bb5+ Nc6 7. O-O O-O 8. Bxc6 bxc6 9. Bxd6 Qxd6 10. Nbd2 cxd4
11. cxd4 c5 12. Qa4 cxd4 13. Qxd4 Bd7 14. Rfc1 Rfb8 15. Rc5 Be8 16. Rac1 a5 17. a3 a4 18. Ne5 Nd7 19. Nxd7 Qxd7 20. Nf3 f6
21. Qd2 Rc8 22. h3 Rxc5 23. Rxc5 Qd6 24. Rc3 e5=
1/2-1/2

[Event "Super Elite I"]
[Site "SchemingMind.com"]
[Date "2023.11.18"]
[Round "-"]
[White "CapaChess"]
[Black "Keithk"]
[Result "1/2-1/2"]
[WhiteCountry "CUB"]
[BlackCountry "ENG"]
[WhiteElo "2528"]
[WhiteRD "59"]
[BlackElo "2548"]
[BlackRD "75"]
[GameID "739248"]

1. e4 e5 2. Nf3 Nc6 3. Bc4 Bc5 4. b4 Bxb4 5. c3 Ba5 6. d4 d6 7. Qb3 Qd7 8. O-O Bb6 9. Bb5 a6 10. Ba4 Ba7
11. Qb2 b5 12. Bc2 Nf6 13. a4 Rb8 14. axb5 Rxb5 15. Qa2 exd4 16. Ba4 O-O 17. Bxb5 axb5 18. cxd4 Bxd4 19. Nxd4 Nxd4 20. f3 Qc6
21. Be3 Be6 22. Qb2 Nb3 23. Ra3 Nc5 24. Bd4 Rb8 25. Bxf6 gxf6 26. Qxf6 b4 27. Qg5+=
1/2-1/2

[Event "Super Elite I"]
[Site "SchemingMind.com"]
[Date "2023.11.23"]
[Round "-"]
[White "Juan Jose Rivas Maceda"]
[Black "Ramesh Panwar"]
[Result "1/2-1/2"]
[WhiteCountry "PER"]
[BlackCountry "IND"]
[WhiteElo "2529"]
[WhiteRD "61"]
[BlackElo "2509"]
[BlackRD "98"]
[GameID "739418"]

1. e4 e5 2. Nf3 Nc6 3. Bc4 Nf6 4. d3 Bc5 5. c3 d6 6. h3 O-O 7. O-O h6 8. Re1 a6 9. Nbd2 Be6 10. Bxe6 fxe6
11. b4 Ba7 12. Nf1 Nh5 13. a4 Qf6 14. Ra2 Bb6 15. N1h2 Qg6 16. a5 Ba7 17. Qb3 Kh7 18. b5 axb5 19. Qxb5 Bb6 20. Be3 Nxa5
21. Rea1 Bxe3 22. fxe3 b6 23. g4 Nf6 24. g5 Qe8 25. Qb1 Ng8 26. Rg2 Qh5 27. Qd1 Kh8 28. Qe2 Nb3 29. Rxa8 Rxa8 30. Nxe5 g6
31. Qxh5 gxh5 32. Ng6+ Kh7 33. Nf4 Ra1+ 34. Nf1 Nc5 35. g6+ Kh8 36. g7+ Kh7 37. Ng6 Nf6 38. Ne7 Ng8 39. Ng6 Nf6 40. Ne7 Ng8
41. Ng6
1/2-1/2

[Event "Super Elite I"]
[Site "SchemingMind.com"]
[Date "2023.11.23"]
[Round "-"]
[White "The Chess Machine"]
[Black "Ramesh Panwar"]
[Result "1/2-1/2"]
[WhiteCountry "ENG"]
[BlackCountry "IND"]
[WhiteElo "2503"]
[WhiteRD "64"]
[BlackElo "2531"]
[BlackRD "118"]
[GameID "739419"]

1. d4 Nf6 2. c4 e6 3. Nc3 Bb4 4. e3 O-O 5. Bd3 d5 6. cxd5 exd5 7. Ne2 Re8 8. Bd2 b6 9. Rc1 Bf8 10. O-O Bb7
11. Nf4 Nbd7 12. f3 c5 13. g4 h6 14. h4 Rc8 15. Nce2 Nh7 16. Qe1 Be7 17. Ng2 cxd4 18. Nxd4 Rxc1 19. Qxc1 Bxh4 20. Nxh4 Qxh4
21. Qc7 Ne5 22. Bxh7+ Kxh7 23. Qxb7 Nxg4 24. fxg4 Qg3+ 25. Kh1=
1/2-1/2

[Event "Super Elite I"]
[Site "SchemingMind.com"]
[Date "2023.11.23"]
[Round "-"]
[White "Ramesh Panwar"]
[Black "Juan Jose Rivas Maceda"]
[Result "1/2-1/2"]
[WhiteCountry "IND"]
[BlackCountry "PER"]
[WhiteElo "2509"]
[WhiteRD "98"]
[BlackElo "2529"]
[BlackRD "61"]
[GameID "739420"]

1. d4 Nf6 2. c4 e6 3. Nf3 b6 4. g3 Ba6 5. Nbd2 Bb7 6. Bg2 Be7 7. e4 Nxe4 8. Ne5 Bb4 9. Qg4 O-O 10. Bxe4 f5
11. Bxb7 fxg4 12. Bxa8 c6 13. O-O Bd6 14. Nxg4 Qc8 15. Ne4 Be7 16. Ne5 d6 17. Nd3 Nd7 18. Bf4 Qxa8 19. Bxd6 Bxd6 20. Nxd6 c5
21. dxc5 Qf3 22. Rad1 h5 23. Rd2 h4 24. cxb6 axb6 25. Ne1 Qg4 26. f3 Qg5 27. Ne4 Qe3+ 28. Rdf2 Ne5 29. gxh4 Nxf3+ 30. Nxf3 Qxe4
31. b3 e5 32. h3 Qe3 33. Kg2 e4 34. Ng5 Rf6 35. b4 Qd4 36. Rf4 Qd2+ 37. R1f2 Qe3 38. Rf5 Qe1 39. Rf1 Qd2+ 40. R1f2=
1/2-1/2

[Event "Super Elite I"]
[Site "SchemingMind.com"]
[Date "2023.11.23"]
[Round "-"]
[White "Ramesh Panwar"]
[Black "The Chess Machine"]
[Result "1/2-1/2"]
[WhiteCountry "IND"]
[BlackCountry "ENG"]
[WhiteElo "2531"]
[WhiteRD "118"]
[BlackElo "2503"]
[BlackRD "64"]
[GameID "739421"]

1. e4 c5 2. Nf3 d6 3. d4 cxd4 4. Nxd4 Nf6 5. Nc3 a6 6. Be3 e5 7. Nb3 Be6 8. h3 Be7 9. Qf3 O-O 10. g4 a5
11. Bb5 Na6 12. O-O-O Rc8 13. Na4 Nc7 14. Bb6 d5 15. exd5 Bxd5 16. Qe2 Qd6 17. Bc5 Qe6 18. Bxe7 Qxe7 19. Rhe1 Nxb5 20. Qxb5 Bf3
21. Nb6 Rc6 22. Rd3 Be4 23. Rc3 Rxc3 24. bxc3 Qa3+ 25. Kb1 a4 26. Qxa4 Qxa4 27. Nxa4 Bg2 28. Rxe5 Bxh3 29. f3 Re8 30. Rxe8+ Nxe8
31. Nd4 Nd6=
1/2-1/2

[Event "Super Elite I"]
[Site "SchemingMind.com"]
[Date "2023.11.23"]
[Round "-"]
[White "Ramesh Panwar"]
[Black "Keithk"]
[Result "1/2-1/2"]
[WhiteCountry "IND"]
[BlackCountry "ENG"]
[WhiteElo "2502"]
[WhiteRD "104"]
[BlackElo "2538"]
[BlackRD "64"]
[GameID "739422"]

1. e4 e5 2. Nf3 Nc6 3. Bb5 Nf6 4. O-O Nxe4 5. Re1 Nd6 6. Nxe5 Be7 7. Bf1 Nxe5 8. Rxe5 O-O 9. d4 Bf6 10. Re1 Re8
11. c3 Rxe1 12. Qxe1 Qe7 13. Qxe7 Bxe7 14. a4 c6 15. Nd2 Ne8 16. a5 d5 17. Nb3 Bd6 18. f3 h5 19. Bd3 Rb8 20. Be3 g6
21. Be2 f6 22. Nc5 g5 23. Bf2 Kf7 24. Bd3 Ng7 25. Bg3 Bxg3 26. hxg3 Bf5 27. Kf2 Bxd3 28. Nxd3 Nf5 29. a6 b6 30. Nb4 Rc8
31. Rh1 Kg6 32. Re1 Kf7 33. Rh1 Kg6 34. Re1 Kf7 35. Nc2 Re8 36. Rh1=
1/2-1/2

[Event "Super Elite I"]
[Site "SchemingMind.com"]
[Date "2023.11.23"]
[Round "-"]
[White "Ramesh Panwar"]
[Black "CapaChess"]
[Result "1/2-1/2"]
[WhiteCountry "IND"]
[BlackCountry "CUB"]
[WhiteElo "2502"]
[WhiteRD "104"]
[BlackElo "2527"]
[BlackRD "62"]
[GameID "739423"]

1. d4 Nf6 2. c4 e6 3. Nf3 d5 4. Nc3 c6 5. e3 Nbd7 6. Bd3 dxc4 7. Bxc4 b5 8. Bd3 a6 9. O-O Bb7 10. e4 c5
11. d5 Qc7 12. dxe6 fxe6 13. Bc2 Bd6 14. Ng5 Nf8 15. f4 O-O-O 16. Qe2 h6 17. Nf3 Bxf4 18. a4 b4 19. e5 Bxc1 20. Raxc1 bxc3
21. exf6 gxf6 22. Bd3 cxb2 23. Rb1 Rxd3 24. Qxd3 c4 25. Qc3 Rg8 26. a5 Nd7 27. Rxb2 Bd5 28. Re2 h5 29. Kh1 Qc6 30. Rb1 Qd6
31. h3 Rg3 32. Re3 Kc7 33. Rg1 Qf4 34. Rd1 Bxf3 35. Rxf3 Rxf3 36. gxf3 Ne5 37. Rd4 Qg3=
1/2-1/2

[Event "Super Elite I"]
[Site "SchemingMind.com"]
[Date "2023.11.23"]
[Round "-"]
[White "CapaChess"]
[Black "Ramesh Panwar"]
[Result "1-0"]
[WhiteCountry "CUB"]
[BlackCountry "IND"]
[WhiteElo "2534"]
[WhiteRD "57"]
[BlackElo "2495"]
[BlackRD "107"]
[GameID "739425"]

1. e4 e5 2. Nf3 Nc6 3. Bc4 Nf6 4. d3 Bc5 5. O-O d6 6. c3 Qe7 7. b4 Bb6 8. a4 a6 9. Re1 O-O 10. Nbd2 Be6
11. h3 h6 12. Rb1 Ba7 13. b5 axb5 14. axb5 Nb8 15. d4 Bxc4 16. Nxc4 Nbd7 17. Ne3 Qe6 18. Nf5 d5 19. N3h4 dxe4 20. d5 Qb6
21. Be3 Nc5 22. Re2 Kh7 23. Ra2 g6 24. c4 gxf5 25. Nxf5 Rg8 26. Rba1 Rh8 27. Kh1 Kg6 28. g4 Ne8 29. Qg1 f6 30. Qg3 Ng7
31. Qh4 Kf7 32. Kh2 Nxf5 33. Qh5+ Ke7 34. Qxf5
1-0

[Event "Super Elite I"]
[Site "SchemingMind.com"]
[Date "2023.12.03"]
[Round "-"]
[White "Juan Jose Rivas Maceda"]
[Black "Ilang"]
[Result "1-0"]
[WhiteCountry "PER"]
[BlackCountry "HUN"]
[WhiteElo "2522"]
[WhiteRD "62"]
[BlackElo "2484"]
[BlackRD "68"]
[GameID "739799"]

1. e4 e5 2. Nf3 Nc6 3. Bc4 Bc5 4. c3 Nf6 5. d4 exd4 6. b4 Bb6 7. e5 d5 8. exf6 dxc4 9. Qe2+ Be6 10. b5 Nb4
11. fxg7 Rg8 12. cxb4 Qf6 13. Qe4 Rxg7 14. O-O O-O-O 15. Qf4 Qg6 16. g3 Qh5 17. Re1 Bd5 18. Nh4 Rg4 19. Qf5+ Qxf5 20. Nxf5 Re4
21. Rxe4 Bxe4 22. Ne7+ Kd7 23. Nd2 Bc2 24. Nd5 d3 25. Nxb6+
1-0

[Event "Super Elite I"]
[Site "SchemingMind.com"]
[Date "2023.12.02"]
[Round "-"]
[White "Ilang"]
[Black "Juan Jose Rivas Maceda"]
[Result "1/2-1/2"]
[WhiteCountry "HUN"]
[BlackCountry "PER"]
[WhiteElo "2484"]
[WhiteRD "68"]
[BlackElo "2522"]
[BlackRD "62"]
[GameID "739800"]

1. e4 c5 2. Nf3 Nc6 3. d4 cxd4 4. Nxd4 Nf6 5. Nc3 e5 6. Ndb5 d6 7. Bg5 a6 8. Na3 b5 9. Nd5 Be7 10. Bxf6 Bxf6
11. c3 Rb8 12. Nc2 Bg5 13. a4 bxa4 14. Ncb4 Nxb4 15. cxb4 O-O 16. Rxa4 f5 17. exf5 Rxf5 18. Bc4 Kh8 19. O-O e4 20. b3 Bb7
21. Ra5 Re5 22. Qd4 h6 23. Rd1 Bxd5 24. Rxd5=
1/2-1/2

[Event "Super Elite I"]
[Site "SchemingMind.com"]
[Date "2023.12.02"]
[Round "-"]
[White "Ilang"]
[Black "The Chess Machine"]
[Result "1/2-1/2"]
[WhiteCountry "HUN"]
[BlackCountry "ENG"]
[WhiteElo "2495"]
[WhiteRD "68"]
[BlackElo "2503"]
[BlackRD "64"]
[GameID "739801"]

1. e4 c5 2. Nf3 d6 3. d4 cxd4 4. Nxd4 Nf6 5. Nc3 a6 6. f3 e5 7. Nb3 Be6 8. Be3 Be7 9. Qd2 h5 10. Nd5 Nxd5
11. exd5 Bf5 12. Be2 a5 13. Bb5+ Nd7 14. a4 O-O 15. O-O Nf6 16. c4 Bd7 17. h3 Re8 18. Rfc1 h4 19. Re1 b6 20. Nc1 Bxb5
21. cxb5 e4 22. Qd1 Nd7 23. Nb3 exf3 24. Qxf3 Bg5 25. Bf2 Qf6 26. Nd4 Qxf3 27. Nxf3 Bf6=
1/2-1/2

[Event "Super Elite I"]
[Site "SchemingMind.com"]
[Date "2023.12.03"]
[Round "-"]
[White "The Chess Machine"]
[Black "Ilang"]
[Result "1/2-1/2"]
[WhiteCountry "ENG"]
[BlackCountry "HUN"]
[WhiteElo "2503"]
[WhiteRD "64"]
[BlackElo "2495"]
[BlackRD "68"]
[GameID "739802"]

1. d4 Nf6 2. c4 e6 3. Nc3 Bb4 4. f3 c5 5. d5 d6 6. e4 b5 7. Bd2 Bxc3 8. Bxc3 b4 9. Bd2 O-O 10. Be3 exd5
11. cxd5 Ne8 12. Qd2 Qh4+ 13. Qf2 Qxf2+ 14. Bxf2 a5 15. g4 Nd7 16. Bg3 f6 17. a3 Ne5 18. axb4 cxb4 19. Bb5 Nc7 20. Bc6 Ra6
21. Kf2 Nxc6 22. dxc6 Rxc6 23. Rxa5 Rc2+ 24. Ne2 Ba6 25. Re1 Rd8 26. Ke3 Rxb2 27. Nd4 b3 28. Rc1 Rd7 29. Ra3=
1/2-1/2

[Event "Super Elite I"]
[Site "SchemingMind.com"]
[Date "2023.12.04"]
[Round "-"]
[White "Ilang"]
[Black "Ramesh Panwar"]
[Result "1/2-1/2"]
[WhiteCountry "HUN"]
[BlackCountry "IND"]
[WhiteElo "2484"]
[WhiteRD "68"]
[BlackElo "2495"]
[BlackRD "107"]
[GameID "739803"]

1. e4 e5 2. Nf3 Nc6 3. Bb5 a6 4. Ba4 Nf6 5. O-O Be7 6. Re1 b5 7. Bb3 d6 8. c3 Na5 9. Bc2 c5 10. h3 Qc7
11. d4 O-O 12. Nbd2 Bd7 13. Nf1 Nc4 14. b3 Nb6 15. dxe5 dxe5 16. c4 bxc4 17. Bb2 cxb3 18. axb3 Bd6 19. Ne3 Be6 20. Bc3 c4
21. bxc4 Nxc4 22. Nd5 Bxd5 23. exd5 a5 24. Ba4 e4 25. Bxf6 exf3 26. Qxf3 gxf6 27. Rac1 Rfc8 28. Re4= Ne5 29. Qg3+ Ng6 30. Rxc7 Bxg3
31. Rxc8+ Rxc8 32. fxg3 Ne5=
1/2-1/2

[Event "Super Elite I"]
[Site "SchemingMind.com"]
[Date "2023.12.04"]
[Round "-"]
[White "Ramesh Panwar"]
[Black "Ilang"]
[Result "1/2-1/2"]
[WhiteCountry "IND"]
[BlackCountry "HUN"]
[WhiteElo "2495"]
[WhiteRD "107"]
[BlackElo "2484"]
[BlackRD "68"]
[GameID "739804"]

1. d4 Nf6 2. c4 e6 3. Nc3 Bb4 4. e3 O-O 5. Bd3 d5 6. Nf3 b6 7. O-O Ba6 8. cxd5 exd5 9. Bxa6 Nxa6 10. Bd2 Qc8
11. a3 Bd6 12. b4 c5 13. bxc5 bxc5 14. Qe2 Be7 15. Rfd1 Rd8 16. dxc5 Nxc5 17. Be1 Qd7 18. Qb5 Qc7 19. a4 h6 20. h3 Rab8
21. Qe2 Qd7 22. a5 Ne6 23. Qa2 Bb4 24. Rab1 Qc6 25. Rb3 Qc4 26. Qb1 Nd7 27. Nd2 Qc5 28. Nde4 Qc4 29. Nd2 Qc5 30. Nxd5 Qxd5
31. Rxb4 Rxb4 32. Qxb4 Ndc5 33. Qc3 Nb3 34. a6 Ng5 35. f3 Ne6 36. h4 f6 37. Qc2 Kf7 38. Kf2 Ke8 39. g3 f5 40. Qa2 Rd7
41. Qc2 Ke7 42. Kg2 Kf8=
1/2-1/2

[Event "Super Elite I"]
[Site "SchemingMind.com"]
[Date "2023.12.03"]
[Round "-"]
[White "Ilang"]
[Black "Keithk"]
[Result "1/2-1/2"]
[WhiteCountry "HUN"]
[BlackCountry "ENG"]
[WhiteElo "2484"]
[WhiteRD "68"]
[BlackElo "2553"]
[BlackRD "75"]
[GameID "739805"]

1. e4 e5 2. Nf3 Nc6 3. Bb5 Nf6 4. O-O Nxe4 5. d4 Nd6 6. Bxc6 dxc6 7. dxe5 Nf5 8. Qxd8+ Kxd8 9. Rd1+ Ke8 10. Nc3 Ne7
11. h3 Ng6 12. b3 a5 13. Bb2 h5 14. Rd2 Be7 15. Re1 Nf4 16. Ne2 Ne6 17. a4 b6 18. Nfd4 Bb7 19. Nxe6 fxe6 20. c4 c5
21. Red1= Bc6 22. f3 h4 23. Nc3 Bg5 24. Rd3 Rf8 25. Nb5 Rf7 26. Kh2 Kf8 27. Kg1 Kg8 28. Bc3 Kh7 29. Kf2 Kh6 30. Ke2 Kg6
31. Bd2 Bxd2 32. R1xd2 Kf5 33. Re3 Kf4 34. Kf2 Kf5 35. Ke2 Kg6 36. Kf2=
1/2-1/2

[Event "Super Elite I"]
[Site "SchemingMind.com"]
[Date "2023.12.03"]
[Round "-"]
[White "Keithk"]
[Black "Ilang"]
[Result "1-0"]
[WhiteCountry "ENG"]
[BlackCountry "HUN"]
[WhiteElo "2553"]
[WhiteRD "75"]
[BlackElo "2484"]
[BlackRD "68"]
[GameID "739806"]

1. d4 Nf6 2. Nf3 d5 3. Bf4 c5 4. e3 Nc6 5. Nbd2 e6 6. c3 Bd6 7. Bg3 O-O 8. Bd3 c4 9. Bc2 b5 10. e4 Be7
11. e5 Nd7 12. h4 f5 13. exf6 Nxf6 14. Ne5 Qe8 15. h5 Nxe5 16. Bxe5 a5 17. a3 h6 18. Qe2 Ra7 19. f4 Ra6 20. g4 Nd7
21. O-O Nxe5 22. fxe5 Bd7 23. Rxf8+ Bxf8 24. g5 Qe7 25. Nf3 Be8 26. Qh2 Ra8 27. Qh3 Kh8 28. Rf1 Bf7 29. Kh1 b4 30. Nh4 bxa3
31. bxa3 Rb8 32. a4 Rd8 33. Qf3 Kg8 34. Bg6 Rd7 35. Bxf7+ Qxf7 36. Qd1 Qe8 37. gxh6 Rf7 38. Rg1
1-0

[Event "Super Elite I"]
[Site "SchemingMind.com"]
[Date "2023.12.02"]
[Round "-"]
[White "Ilang"]
[Black "CapaChess"]
[Result "1/2-1/2"]
[WhiteCountry "HUN"]
[BlackCountry "CUB"]
[WhiteElo "2495"]
[WhiteRD "68"]
[BlackElo "2528"]
[BlackRD "59"]
[GameID "739807"]

1. e4 c6 2. d4 d5 3. e5 c5 4. Nf3 cxd4 5. Nxd4 Nc6 6. Nxc6 bxc6 7. Bd3 e6 8. O-O Ne7 9. Nd2 a5 10. c4 Ng6
11. Nf3 Be7 12. cxd5 exd5 13. Nd4 Bd7 14. f4 Qb6 15. Be3 Bc5 16. Bc2 O-O 17. Rc1 Rfc8 18. Bb1 Rab8 19. Rf2 Qa7 20. Rxc5 Qxc5
21. Nf5 Qb4 22. Nd6 Rc7 23. a3 Bg4 24. Qc1 Qb3 25. Qc5 Qd1+ 26. Rf1 Qe2 27. Rf2 Qe1+=
1/2-1/2

[Event "Super Elite I"]
[Site "SchemingMind.com"]
[Date "2023.12.03"]
[Round "-"]
[White "CapaChess"]
[Black "Ilang"]
[Result "1/2-1/2"]
[WhiteCountry "CUB"]
[BlackCountry "HUN"]
[WhiteElo "2528"]
[WhiteRD "59"]
[BlackElo "2495"]
[BlackRD "68"]
[GameID "739808"]

1. e4 e5 2. Nf3 Nc6 3. Bc4 Bc5 4. b4 Bxb4 5. c3 Be7 6. d4 Na5 7. Be2 exd4 8. Qxd4 Nf6 9. e5 Nc6 10. Qh4 Nd5
11. Qg3 Kf8 12. O-O h5 13. h4 d6 14. Rd1 Nb6 15. Na3 Bg4 16. Bf4 d5 17. Nb5 Bxh4 18. Nxh4 Bxe2 19. c4 Bxd1 20. Rxd1 Nxc4
21. e6 fxe6 22. Nxc7 Kg8 23. Bg5 Qf8 24. Nxa8 Qxa8 25. Ng6 Rh7 26. Re1 Qe8 27. Ne7+ Nxe7 28. Rxe6 g6 29. Qc7 b6=
1/2-1/2

[Event "Super Elite I"]
[Site "SchemingMind.com"]
[Date "2023.12.22"]
[Round "-"]
[White "Juan Jose Rivas Maceda"]
[Black "chesshub"]
[Result "1/2-1/2"]
[WhiteCountry "PER"]
[BlackCountry "FRA"]
[WhiteElo "2534"]
[WhiteRD "58"]
[BlackElo "2541"]
[BlackRD "67"]
[GameID "740325"]

1. d4 Nf6 2. c4 e6 3. Nf3 d5 4. Nc3 c6 5. e3 Nbd7 6. Qc2 Bd6 7. g4 h6 8. Rg1 e5 9. Be2 e4 10. Nd2 g5
11. h3 O-O 12. h4 Re8 13. hxg5 hxg5 14. f3 exf3 15. Nxf3 Ne4 16. Nxe4 dxe4 17. Nd2=
1/2-1/2

[Event "Super Elite I"]
[Site "SchemingMind.com"]
[Date "2023.12.22"]
[Round "-"]
[White "chesshub"]
[Black "Juan Jose Rivas Maceda"]
[Result "1/2-1/2"]
[WhiteCountry "FRA"]
[BlackCountry "PER"]
[WhiteElo "2541"]
[WhiteRD "67"]
[BlackElo "2534"]
[BlackRD "58"]
[GameID "740326"]

1. c4 e5 2. g3 Nf6 3. Bg2 d5 4. cxd5 Nxd5 5. Nf3 Nc6 6. O-O Nb6 7. Nc3 Be7 8. b3 O-O 9. Bb2 Bg4 10. Rc1 Qd7
11. Ne4 Bh3 12. d4 Bxg2 13. Kxg2 Qg4 14. Nc5 e4 15. Nd2 Bxc5 16. dxc5 Nd5 17. Rc4 Rae8 18. Nxe4 Ne3+=
1/2-1/2